书目信息 |
| 题名: |
张爱玲典藏全集
|
|
| 作者: | 张爱玲 著 | |
| 分册: | 14 情场如战场等三种 | |
| 出版信息: | 哈尔滨 哈尔滨出版社 2003 |
|
| 页数: | 201页 | |
| 开本: | 21cm | |
| 丛书名: | ||
| 单 册: | ||
| 中图分类: | I217.52 , I216.2 | |
| 科图分类: | ||
| 主题词: | 剧本--中国--现代--选集 , 短篇小说--中国--现代--选集 , 文学--作品--中国--现代--选集 , 剧本 , 短篇小说 , 文学 | |
| 电子资源: | ||
| ISBN: | 7-80699-041-0 | |
| 000 | 00960nam0 2200289 450 | |
| 001 | 002480146 | |
| 005 | 20061101090004.00 | |
| 010 | @a7-80699-041-0@dCNY12.80 | |
| 100 | @a20031021d2003 em y0chiy0110 ea | |
| 101 | 0 | @achi |
| 102 | @aCN@b230000 | |
| 105 | @aa z 000zy | |
| 200 | 1 | @a张爱玲典藏全集@9zhang ai ling dian cang quan ji@h14@i情场如战场等三种@e剧作暨小说增补@f张爱玲著 |
| 210 | @a哈尔滨@c哈尔滨出版社@d2003 | |
| 215 | @a201页@c照片@d21cm | |
| 330 | @a本书收入张爱玲五篇文学作品,包括“情场如战场”、“小儿女”、“魂归离恨天”三部剧本外,还收有“五四遗事”和“色,戒”两篇小说。 | |
| 606 | 0 | @a剧本@y中国@z现代@j选集 |
| 606 | 0 | @a短篇小说@y中国@z现代@j选集 |
| 606 | 0 | @a文学@x作品@y中国@z现代@j选集 |
| 606 | 0 | @a剧本 |
| 606 | 0 | @a短篇小说 |
| 606 | 0 | @a文学 |
| 690 | @aI217.52@v4 | |
| 690 | @aI216.2@v3 | |
| 701 | 0 | @a张爱玲@9zhang ai ling@c(女,@f1920~1995)@4著 |
| 801 | 0 | @aCN@bNLC@c20061101 |
| 905 | @a10447@dI216.2@e491:14 | |
| 张爱玲典藏全集.14.情场如战场等三种:剧作暨小说增补/张爱玲著.-哈尔滨:哈尔滨出版社,2003 |
| 201页:照片;21cm |
| ISBN 7-80699-041-0:CNY12.80 |
| 本书收入张爱玲五篇文学作品,包括“情场如战场”、“小儿女”、“魂归离恨天”三部剧本外,还收有“五四遗事”和“色,戒”两篇小说。 |
| ● |
| 相关链接 |
|
|
|
|
正题名:张爱玲典藏全集
索取号:I216.2/491:14
 
预约/预借
| 序号 | 登录号 | 条形码 | 馆藏地/架位号 | 状态 | 备注 |
| 1 | 0387721 | 203877215 | 第一样本阅览室/ [索取号:I216.2/491:14] | 在馆 | |
| 2 | 0387722 | 203877224 | 第二借阅区/ [索取号:I216.2/491:14] | 在馆 | |
| 3 | 0387723 | 203877233 | 第二借阅区/ [索取号:I216.2/491:14] | 在馆 | |
| 4 | 0387724 | 203877242 | 第二借阅区/ [索取号:I216.2/491:14] | 在馆 | |
| 5 | 0387725 | 203877251 | 第二借阅区/ [索取号:I216.2/491:14] | 在馆 |